Score 0/159 Timer 20:00
1 Play Today
Doctor Story % Correct
William HartnellThe Daleks
93.6%
William HartnellAn Unearthly Child
90.8%
William HartnellThe Tenth Planet
86.6%
William HartnellThe Ark
85.6%
Tom BakerRobot
85.4%
Patrick TroughtonThe Invasion
85.1%
Patrick TroughtonThe War Games
85%
William HartnellThe Dalek Invasion of Earth
84.5%
Jon PertweeSpearhead from Space
83.7%
William HartnellMarco Polo
83.4%
Tom BakerGenesis of the Daleks
83.3%
William HartnellThe Aztecs
82.9%
Jon PertweePlanet of the Spiders
82.5%
Patrick TroughtonThe Tomb of the Cybermen
82%
Jon PertweeThe Three Doctors
81.9%
Patrick TroughtonThe Power of the Daleks
81.8%
William HartnellThe Chase
81.4%
Tom BakerThe Ark in Space
81.1%
Jon PertweeTerror of the Autons
80.8%
Tom BakerLogopolis
80.8%
William HartnellThe Edge of Destruction
80.7%
William HartnellThe Romans
80.6%
William HartnellThe Daleks' Master Plan
80.4%
Jon PertweeInferno
79.5%
Patrick TroughtonThe Evil of the Daleks
79.1%
Patrick TroughtonThe Highlanders
79.1%
Peter DavisonThe Five Doctors
78.6%
Tom BakerRevenge of the Cybermen
78.2%
Peter DavisonCastrovalva
78%
Peter DavisonThe Caves of Androzani
77.7%
Sylvester McCoyTime and the Rani
77.4%
Jon PertweeDoctor Who and the Silurians
77.3%
Jon PertweeThe Green Death
76.9%
Colin BakerThe Two Doctors
76.7%
Tom BakerThe Sontaran Experiment
76.7%
Sylvester McCoySurvival
76.5%
William HartnellThe War Machines
76.2%
Jon PertweeThe Time Warrior
76.1%
Jon PertweeDay of the Daleks
76%
Jon PertweePlanet of the Daleks
75.7%
Peter DavisonEarthshock
75.6%
Tom BakerTerror of the Zygons
75.6%
William HartnellThe Keys of Marinus
75.4%
Patrick TroughtonThe Wheel in Space
75.4%
Sylvester McCoyRemembrance of the Daleks
75.3%
William HartnellPlanet of the Giants
75%
Jon PertweeDeath to the Daleks
75%
Patrick TroughtonThe Seeds of Death
75%
Colin BakerThe Twin Dilemma
74.8%
Patrick TroughtonThe Ice Warriors
74.7%
William HartnellThe Sensorites
74.6%
Patrick TroughtonThe Moonbase
74.4%
William HartnellThe Time Meddler
74.3%
Doctor Story % Correct
William HartnellThe Gunfighters
74%
Tom BakerThe Talons of Weng-Chiang
73.8%
Jon PertweeThe Sea Devils
73.6%
William HartnellThe Web Planet
73.6%
Patrick TroughtonThe Web of Fear
73.5%
Peter DavisonResurrection of the Dalek's
73.4%
Tom BakerThe Keeper of Traken
73.3%
William HartnellThe Celestial Toymaker
73.2%
Tom BakerThe Hand of Fear
73.1%
Jon PertweeInvasion of the Dinosaurs
73%
Jon PertweeThe Daemons
72.7%
Tom BakerCity of Death
72.7%
William HartnellThe Rescue
72.6%
Jon PertweeThe Curse of Peladon
72.4%
Patrick TroughtonThe Mind Robber
72.4%
William HartnellThe Space Museum
72.3%
Jon PertweeThe Monster of Peladon
72.3%
Sylvester McCoyThe Curse of Fenric
72.3%
Tom BakerDestiny of the Daleks
72%
Tom BakerThe Deadly Assassin
71.8%
Jon PertweeThe Ambassadors of Death
71.7%
Colin BakerThe Mark of the Rani
71.5%
Tom BakerThe Seeds of Doom
71.4%
Colin BakerAttack of the Cybermen
71.4%
William HartnellThe Smugglers
71.4%
Patrick TroughtonThe Krotons
71.3%
Tom BakerPyramids of Mars
71.2%
Colin BakerRevelation of the Daleks
71.1%
William HartnellThe Reign of Terror
71%
Peter DavisonKinda
71%
Jon PertweeThe Mind of Evil
70.9%
William HartnellGalaxy 4
70.8%
Patrick TroughtonThe Macra Terror
70.6%
Sylvester McCoySilver Nemesis
70.4%
Patrick TroughtonThe Underwater Menace
70.3%
Patrick TroughtonThe Abominable Snowmen
70.2%
Patrick TroughtonThe Space Pirates
70.2%
Jon PertweeCarnival of Monsters
70.2%
Sylvester McCoyGhost Light
70.2%
Tom BakerThe Pirate Planet
70.1%
Tom BakerThe Face of Evil
70.1%
Tom BakerThe Robots of Death
69.8%
William HartnellThe Massacre
69.5%
Jon PertweeThe Claws of Axos
69.4%
Tom BakerThe Invasion of Time
69.3%
Peter DavisonTime-Flight
69.3%
Tom BakerHorror of Fang Rock
69.2%
Peter DavisonBlack Orchid
69%
Sylvester McCoyThe Greatest Show in the Galaxy
68.9%
Sylvester McCoyBattlefield
68.3%
Peter DavisonPlanet of Fire
68.2%
William HartnellMission to the Unknown
68.2%
Patrick TroughtonThe Enemy of the World
68.1%
Doctor Story % Correct
Peter DavisonFour to Doomsday
67.5%
Peter DavisonSnakedance
67.5%
Tom BakerPlanet of Evil
67.5%
Tom BakerShada
67.4%
Sylvester McCoyDragonfire
67.3%
Patrick TroughtonThe Dominators
67.3%
Sylvester McCoyThe Happiness Patrol
67.1%
Colin BakerTerror of the Vervoids
67%
Sylvester McCoyParadise Towers
67%
Tom BakerThe Android Invasion
66.9%
Tom BakerThe Androids of Tara
66.9%
Jon PertweeFrontier in Space
66.9%
Patrick TroughtonFury from the Deep
66.7%
Tom BakerWarriors' Gate
66.6%
Patrick TroughtonThe Faceless Ones
66.6%
William HartnellThe Savages
66.5%
Sylvester McCoyDelta and the Bannermen
66.5%
Jon PertweeThe Time Monster
66.4%
William HartnellThe Myth Makers
66.3%
Tom BakerThe Brain of Morbius
66.3%
Jon PertweeColony in Space
66.2%
Tom BakerThe Ribos Operation
66.1%
Colin BakerVengeance on Varos
66.1%
Tom BakerThe Stones of Blood
66%
William HartnellThe Crusade
66%
Tom BakerMeglos
65.7%
Colin BakerTimelash
65.1%
Colin BakerThe Ultimate Foe
65.1%
Tom BakerFull Circle
64.9%
Tom BakerThe Leisure Hive
64.8%
Tom BakerThe Power of Kroll
64.7%
Peter DavisonArc of Infinity
64%
Tom BakerThe Sun Makers
64%
Tom BakerThe Armageddon Factor
64%
Peter DavisonWarriors of the Deep
63.8%
Peter DavisonMawdryn Undead
63.5%
Tom BakerState of Decay
63.3%
Peter DavisonEnlightenment
63.3%
Tom BakerThe Masque of Mandragora
63.2%
Colin BakerMindwarp
62.4%
Peter DavisonTerminus
62.1%
Peter DavisonThe Visitation
62%
Tom BakerThe Horns of Nimon
61.8%
Jon PertweeThe Mutants
61.3%
Peter DavisonThe King's Demons
61.3%
Tom BakerThe Invisible Enemy
60.4%
Colin BakerThe Mysterious Planet
60.3%
Peter DavisonFrontios
59%
Tom BakerUnderworld
58.9%
Tom BakerThe Creature from the Pit
58.4%
Tom BakerImage of the Fendahl
58%
Tom BakerNightmare of Eden
54.9%
Peter DavisonThe Awakening
54.4%
Come Together.
Have Fun.
All Virtual.
We all need to come together. Play Sporcle's virtual live trivia to have fun, connect with people, and get your trivia on. Join a live hosted trivia game for your favorite pub trivia experience done virtually. If a virtual private party is more your thing, go here for details.

You're not logged in!

Compare scores with friends on all Sporcle quizzes.
OR
Log In

Sporcle TV

Today on Sporcle TV


Watch our educational content, quiz creation guides, and fun videos on Sporcle TV.

Show Comments

Extras

Top Quizzes Today


Score Distribution

Paid Content

Your Account Isn't Verified!

In order to create a playlist on Sporcle, you need to verify the email address you used during registration. Go to your Sporcle Settings to finish the process.

Report this User

Report this user for behavior that violates our Community Guidelines.

Details: